10 Most Populous Cities in New Jersey - Statistics

General Stats
  • This quiz has been taken 25 times
  • The average score is 6 of 10
Answer Stats
Population City % Correct
303,065 Newark
96%
291,559 Jersey City
88%
89,296 Trenton
88%
155,495 Paterson
80%
135,546 Elizabeth
72%
106,901 Edison
40%
94,885 Toms River
40%
79,077 Cherry Hill
36%
87,941 Clifton
36%
76,975 Brick
28%
No matching quizzes found
Score Distribution
Percent of People with Each Score
Percentile by Number Answered
Your Score History
You have not taken this quiz